National Assembly Library of Thailand

เอกสารเพื่อประกอบการพิจารณากฎหมายของสมาชิกรัฐสภา เล่มที่ 6 เรื่อง พระราชบัญญัติประชาพิจารณ์ : กรณีศึกษาการรับฟังความคิดเห็นของประชาชน (Equete publique) ตามกฎหมายของประเทศฝรั่งเศส (ระเบียนเลขที่ 19355)

รายละเอียดในรูปแบบ MARC
000 -LEADER
fixed length control field 01409nam a22002297a 4500
005 - DATE AND TIME OF LATEST TRANSACTION
control field 20250220150155.0
008 - FIXED-LENGTH DATA ELEMENTS--GENERAL INFORMATION
fixed length control field s2545 th tha d
020 ## - INTERNATIONAL STANDARD BOOK NUMBER
International Standard Book Number 9744490454
040 ## - CATALOGING SOURCE
Original cataloging agency NALT
041 ## - LANGUAGE CODE
Language code of text/sound track or separate title tha
090 ## - LOCALLY ASSIGNED LC-TYPE CALL NUMBER (OCLC); LOCAL CALL NUMBER (RLIN)
Classification number (OCLC) (R) ; Classification number, CALL (RLIN) (NR) KE76 บ153อ 2545
100 0# - MAIN ENTRY--PERSONAL NAME
Personal name บรรเจิด สิงคะเนติ, บรรณาธิการ
245 10 - TITLE STATEMENT
Title เอกสารเพื่อประกอบการพิจารณากฎหมายของสมาชิกรัฐสภา เล่มที่ 6 เรื่อง พระราชบัญญัติประชาพิจารณ์ : กรณีศึกษาการรับฟังความคิดเห็นของประชาชน (Equete publique) ตามกฎหมายของประเทศฝรั่งเศส
260 3# - PUBLICATION, DISTRIBUTION, ETC.
Place of publication, distribution, etc. นนทบุรี :
Name of publisher, distributor, etc. สถาบันพระปกเกล้า,
Date of publication, distribution, etc. 2545
300 ## - PHYSICAL DESCRIPTION
Extent 83 หน้า ;
Other physical details 21 ซม.
650 04 - SUBJECT ADDED ENTRY--TOPICAL TERM
Topical term or geographic name entry element การรับฟังความคิดเห็นของประชาชน
650 04 - SUBJECT ADDED ENTRY--TOPICAL TERM
Topical term or geographic name entry element ประชาพิจารณ์ -- กฎหมายและระเบียบข้อบังคับ
700 0# - ADDED ENTRY--PERSONAL NAME
Personal name บรรเจิด สิงคะเนติ
850 ## - HOLDING INSTITUTION
Holding institution NALT
942 ## - ADDED ENTRY ELEMENTS (KOHA)
Koha item type Law Book
Koha issues (borrowed), all copies 8
Source of classification or shelving scheme Library of Congress Classification
998 ## - LOCAL CONTROL INFORMATION (RLIN)
-- 111
-- นางสาวพจพิณ พรมเอี่ยม
รายการที่มีในห้องสมุด
Withdrawn status Lost status Source of classification or shelving scheme Damaged status Not for loan Collection code Home library Current library Cost, normal purchase price Total Checkouts Total Renewals Full call number Barcode Date last seen Date last checked out Copy number Cost, replacement price Price effective from Koha item type Shelving location Date acquired
    Local Classification     Law Book collection National Assembly Library of Thailand National Assembly Library of Thailand 68.00 3 1 KE 76 บ153อ 2545 3961146683 06/12/2018 18/05/2018 ฉ. 1 118.00 09/06/2017 Law Book    
          Law Book collection National Assembly Library of Thailand National Assembly Library of Thailand 68.00 1   KE 76 บ153อ 2545 3961146685 09/05/2018 02/05/2018 ฉ. 2 118.00 09/06/2017 Law Book    
    Local Classification     Senate National Assembly Library of Thailand National Assembly Library of Thailand   4 3 KE 76 บ153อ 2545 ล.6 0100003375001 05/03/2025 20/02/2025     07/02/2022 Law Book Law Book shelves 07/02/2022
หอสมุดรัฐสภา
สำนักงานเลขาธิการสภาผู้แทนราษฎร เลขที่ 1111 ถนนสามเสน แขวงถนนนครไชยศรี เขตดุสิต กรุงเทพฯ 10300
The Secretariat of the House of Representatives 1111 Samsen Road, Thanon Nakhon Chai Si, Dusit, Bangkok 10300, THAILAND
โทรศัพท์: +66(0) 2242 5900 ต่อ 5714-5 โทรสาร: +66(0) 2242 5990 อีเมล: [email protected]